00487nam a2200193 a 4500001001300000003000900013005001700022008004100039020001000080082001600090100002100106245002700127260003400154300000900188500003500197505002600232650001400258700002100272nice12345678IN_TiNIC20260116011823.0050524s1988 hyda grp 000 0 per  ac10000a954.84bWAL aWaliullah, Mirza aTohfa-E-Ikhwan-Us-Safa aHyderabadbNo Publisherc1988 a108p aincludes index and biblioraphy2 aworld christian books aHyderabad1 aWaliullah, Mirza